00863nam a2200253 a 450000100060000000300080000600500170001400800410003102000360007202000330010803500190014104000350016004100080019508200270020310000250023024500630025525000120031826000320033030000350036250001140039750400510051165000230056265000240058567171BD-RjUL20211209081625.0070814s2007 enka b 001 0 eng d a9780781782555 (hbk.) :c£62.50 a0781782554 (hbk.) :c£62.50 a(BD-RjUL)67302 aStDuBDSbengcStDuBDSdBD-RjUL aeng04223a636.0897bHET 20071 aHendrickson, Dean A.10aTechniques in large animal surgery /cDean A. Hendrickson. a3rd ed. aOxford :bBlackwell,c2007. axiii, 312 p. :bill. ;c29 cm. aPrevious ed.: published as by A. Simon Turner and C. Wayne McIlwraith. Philadelphia, PA: Lea & Febiger, 1989. aIncludes bibliographical references and index. 0aVeterinary surgery 0aVeterinary Science